| 000 | 00906cam a22003498i 4500 | ||
|---|---|---|---|
| 005 | 20260322212045.0 | ||
| 008 | data | ||
| 010 | _a 2013027875 | ||
| 020 | _a9780062236739 (hardback) | ||
| 020 | _z9780062236661 (e-book) | ||
| 020 | _a9780062236654 (trade paperback) | ||
| 020 | _a0062236733 | ||
| 040 |
_aDLC _beng _cDLC _erda |
||
| 042 | _apcc | ||
| 050 | 0 | 0 |
_aPS3619.C6654 _bK47 2014 |
| 082 | 0 | 0 |
_a813/.6 _223 |
| 084 |
_aFIC000000 _2bisacsh |
||
| 099 | _aSCOTTJ | ||
| 100 | 1 |
_aScott, James, _d1977 February 3- |
|
| 245 | 1 | 4 |
_aThe kept / _cJames Scott. |
| 250 | _aFirst edition. | ||
| 263 | _a1402 | ||
| 264 | 1 |
_aNew York : _bHarper, _c[2014] |
|
| 300 | _apages cm | ||
| 336 |
_atext _2rdacontent |
||
| 337 |
_aunmediated _2rdamedia |
||
| 338 |
_avolume _2rdacarrier |
||
| 650 | 0 |
_aRevenge _vFiction. |
|
| 650 | 7 |
_aFICTION / General. _2bisacsh |
|
| 655 | 0 | _aDomestic fiction. | |
| 001 | data | ||
| 999 |
_c1067 _d1067 |
||